|
|
|
|
| LEADER |
01169nam a2200313 a 4500 |
| 001 |
000706031 |
| 003 |
CZ BrMZK |
| 005 |
20101102100057.0 |
| 007 |
ta |
| 008 |
040211s2004 xr af g 000 f cze d |
| 015 |
|
|
|a cnb001296788
|
| 020 |
|
|
|a 80-7306-115-5
|q ((Pavel Dobrovský-BETA) váz.)
|
| 020 |
|
|
|a 80-903399-3-X
|q ((Petr Tychtl-nakladatelství XYZ) váz.)
|
| 035 |
|
|
|a (OCoLC)56872213
|
| 040 |
|
|
|a BOA001
|b cze
|
| 072 |
|
7 |
|a 821.162.3-3
|x Česká próza
|2 Konspekt
|9 25
|
| 080 |
|
|
|a 821.162.3-31
|2 MRF
|
| 080 |
|
|
|a (0:82-311.5)
|2 MRF
|
| 100 |
1 |
|
|a Pecháček, Ladislav,
|d 1940-
|7 jk01092311
|4 aut
|
| 245 |
1 |
0 |
|a Konec básníků v Čechách-- /
|c Ladislav Pecháček
|
| 260 |
|
|
|a V Praze :
|b XYZ :
|b Beta,
|c 2004
|
| 300 |
|
|
|a 124 s., [8] s. obr. příl. :
|b il. (některé barev.) ;
|c 20 cm
|
| 490 |
1 |
|
|a Ladislav Pecháček v nakladatelství XYZ ;
|v 4
|
| 655 |
|
7 |
|a české romány
|7 fd133974
|2 czenas
|
| 655 |
|
7 |
|a humoristické romány
|7 fd132431
|2 czenas
|
| 830 |
|
0 |
|a Ladislav Pecháček v nakladatelství XYZ
|
| 910 |
|
|
|a BOA001
|b 1-1131.116
|
| 990 |
|
|
|a BK
|
| 996 |
6 |
|
|b 2610212924
|c 1-1131.116
|l MZK
|r Sklad / do 1 hodiny
|n 0
|p p.v.
|w 000706031
|u 000010
|a 1
|e BOA001
|j MZK50
|s P
|